ANATOMY AND PHYSIOLOGY OF EYE (Record no. 14922)

MARC details
000 -LEADER
fixed length control field 00342nam a22001577a 4500
003 - CONTROL NUMBER IDENTIFIER
control field SGT
020 ## - INTERNATIONAL STANDARD BOOK NUMBER
International Standard Book Number 978-93-85915-94-9
082 ## - DEWEY DECIMAL CLASSIFICATION NUMBER
Classification number 617.7
Item number O15K
100 ## - MAIN ENTRY--PERSONAL NAME
Personal name KHURANA,A.K
245 ## - TITLE STATEMENT
Title ANATOMY AND PHYSIOLOGY OF EYE
250 ## - EDITION STATEMENT
Edition statement 3RD
260 ## - PUBLICATION, DISTRIBUTION, ETC. (IMPRINT)
Place of publication, distribution, etc NEW DELHI
Name of publisher, distributor, etc C.B.S PUB
Year of Publication 2017
300 ## - PAGE DESCRIPTION
No. of Pages 603
650 ## - SUBJECT ADDED ENTRY--TOPICAL TERM
Topical term or geographic name as entry element AYURVEDA
942 ## - ADDED ENTRY ELEMENTS (KOHA)
Source of classification or shelving scheme Dewey Decimal Classification
Koha item type Books
942 ## - ADDED ENTRY ELEMENTS (KOHA)
-- 3
Holdings
Withdrawn status Lost status Source of classification or shelving scheme Damaged status Not for loan Collection code Home library Current library Shelving location Date acquired Vendor Name Cost, normal purchase price SGTU Bill Number Total Checkouts Full call number Accession No. (Barcode) Date last seen Date last borrowed Bill Date Koha item type
    Dewey Decimal Classification     AYURVEDA SGT FA-FP Library SGT FA-FP Library Text Book 31/01/2018 AHUJA PUB 995.00 SGTU 9136 3 617.7 O15K FA8052 02/09/2024 24/08/2024 04/01/2018 Books
    Dewey Decimal Classification     AYURVEDA SGT FA-FP Library SGT FA-FP Library Text Book 31/01/2018 AHUJA PUB 995.00 SGTU 9136   617.7 O15K FA8053 31/01/2018   04/01/2018 Books
    Dewey Decimal Classification     AYURVEDA SGT FA-FP Library SGT FA-FP Library Text Book 31/01/2018 AHUJA PUB 995.00 SGTU 9136 3 617.7 O15K FA8054 13/05/2025 07/05/2025 04/01/2018 Books
    Dewey Decimal Classification     AYURVEDA SGT FA-FP Library SGT FA-FP Library Text Book 31/01/2018 AHUJA PUB 995.00 SGTU 9136 6 617.7 O15K FA8055 02/07/2025 01/07/2025 04/01/2018 Books
    Dewey Decimal Classification     AYURVEDA SGT FA-FP Library SGT FA-FP Library Text Book 31/01/2018 AHUJA PUB 995.00 SGTU 9136 1 617.7 O15K FA8056 07/04/2025 07/04/2025 04/01/2018 Books